000 00969cam a2200277 a 4500
001 13103204
005 20150317132326.0
008 030225s2003 nyua b 001 0 eng
020 _a0071395865 (hc : alk. paper)
020 _a9780071395861
040 _aDLC
_cDLC
_dDLC
082 0 0 _a697
_222
_bHAI
100 1 _aHaines, Roger W.
245 1 0 _aHVAC systems design handbook /
_cRoger W. Haines, C. Lewis Wilson.
250 _a4th ed.
260 _aNew York :
_bMcGraw-Hill,
_cc.2003.
300 _axx, 513 p. :
_bill. ;
_c24 cm.
500 _aIncludes bibliographical references and index.
650 0 _aHeating
_xEquipment and supplies
_xDesign and construction.
_936218
650 0 _aVentilation
_xEquipment and supplies
_xDesign and construction.
_936219
650 0 _aAir conditioning
_xEquipment and supplies
_xDesign and construction.
_936220
653 _bENGMEC
_cMarch2015
655 _vreading book
_934232
700 1 _aWilson, C. Lewis.
942 _2ddc
999 _c19050
_d19022